000 00621nam a2200229 a 4500
005 20210219152958.0
008 991125n 000 0 u
035 _aUPN01000070320
100 _aELIZAGARAY, Alga Marina
222 _aEDUCACIÓN
245 _aCuba en el campo de la organización internacional para el libro juvenil: IBBY
260 _aCUBA
300 _a62-67
362 _a1987 Año 17, no. 67, oct.-dic.
653 0 _aIBBY
653 0 _aLIBRO
653 0 _aLIBROS INFANTILES
653 0 _aLITERATURA INFANTIL
653 0 _aLITERATURA JUVENIL
904 _aAC
_b008131
905 _aArticulo
999 _c65324
_d65324